Responses for Show #7339 - Thursday, July 7, 2016

Contestants

[<< previous game]

Bonnie Megel, an administrative assistant from Grinnell, Iowa

Neil Sondov, a psychotherapist from Greenville, South Carolina

Matt Hoffer-Hawlik, an investment banker and strategy consultant from Boston, Massachusetts (whose 1-day cash winnings total $29,601)

[next game >>]

Jeopardy! Round responses

ALL HAIL THE CREATOR
FOOD & DRINK HOLIDAYS
19th CENTURY PEOPLE
GOOD & BAD INVESTMENTS
THE WRITE STUFF
POST HASTE
(Alex: Each correct response will begin with the letter H and it will come not too far after the word "haste" in the dictionary.)
    $200 24
Mindy Kaling

Matt
    $200 20
mustard

Neil
    $200 14
(Bonnie: Who is Lewis?)

William Clark

Bonnie
Triple Stumper
    $200 6
Victor Hugo

Bonnie
    $200 2
(Matt: What is a hull?)

hatch

MattBonnie
    $400 26
Everybody Loves Raymond

Neil
    $1,000 21
July the 11th (7/11)

Neil
    $400 15
the Brothers Grimm

Neil
    $400 7
(Beatrix) Potter

Matt
    $400 3
haughty

Matt
    $600 27
Sorkin

Neil
    $600 22
(Matt: What is alcohol?)

Prohibition

MattNeil
    $600 16
Haiti

Matt
    $600 18
Countrywide

Matt
    $600 9
(Matt: What is a folio?)
(Neil: What is the Magna Carta?)

his will

MattNeil
Triple Stumper
    $600 1
haul

Bonnie
    $800 28
[The end-of-round signal sounds.]

Abrams

Neil
    $800 19
candy corn

Neil
    $800 13
(Gregor) Mendel

Bonnie
    $800 8
(Matt: Who is Larry Ellison?)

Oracle

MattBonnie
    $800 10
[The quotation was in lowercase as shown.]
(Alex: The important part of the clue there was the lettering.)

E.E. Cummings

Triple Stumper
    $800 4
(Neil: What is the hump?)

haunch

NeilBonnie
    $1000 25
(Neil: What is Futurama?)

Battlestar Galactica

NeilBonnie
    $1000 23
(Alex: Less than a minute now.)

waffles

Bonnie
    $1000 17
(Neil: Who is Frederick?)

Wilhelm (I)

MattNeil
    $1000 12
Freddie Mac

Matt
    $1000 11
a golem

Matt
    $1000 5
(Matt: What is h-h-herr... [mutters] fline--no.)
(Alex: [Chuckling] No. Sorry.)

hausfrau

MattBonnie

Scores at the first commercial break (after clue 15):

Matt Neil Bonnie
$200 -$1,000 $4,200

Scores at the end of the Jeopardy! Round:

Matt Neil Bonnie
$2,000 $1,400 $6,200

Double Jeopardy! Round responses

HAPPY HISTORY
AND I QUOTE
EUROPEAN LAKES & RIVERS
PUNNY & NOT-PUNNY DEFINITIONS
GIANTS
JETS
    $400 9
(Alex: [Inhales sharply] Did he--you got it in time, say our judges. Go again.)

July 5, 1811

Neil
    $400 12
Churchill

Bonnie
    $400 1
understudy

Neil
    $400 18
Babe (the Blue Ox)

Neil
    $800 8
coup

Neil
    $800 13
Edward VIII

Matt
    $800 17
the Seine

Neil
    $800 2
postpone

Triple Stumper
    $800 19
The Princess Bride

Bonnie
    $800 28
[The end-of-round signal sounds.]

oxygen

Triple Stumper
    $1200 7
bingo

Neil
    $1200 14
(Bonnie: Who is the Pope?... [*]?)
(Alex: Thank you.)

Pope Francis

Bonnie
    $4,000 6
Lake Geneva

Matt
    $1200 3
pretext

Bonnie
    $1200 20
Tim Lincecum

Triple Stumper
    $1200 27
(Matt: [Overlapping with being acknowledged] What is [*]?)
(Alex: Pardon?)
(Matt: [*].)
(Alex: No.)
(Matt: What is [*]?)
(Alex: No. Oh, you said--oh, you phrased it properly? Okay, good.)

Boeing

Matt
    $1600 10
Czechoslovakia

Bonnie
    $4,000 15
Darrow

Bonnie
    $1600 23
(Matt: What is the Derry?)
(Bonnie: What is the Liffey?)
...
(Alex: Less than a minute now, Matt.)

the River Shannon

MattBonnie
Triple Stumper
    $1600 4
rebel

Bonnie
    $1600 21
Clifford the Big Red Dog

Matt
    $1600 25
Alexandria

Matt
    $2000 11
Saturnalia

Bonnie
    $2000 16
Dubuque

Bonnie
    $2000 24
the Elbe

Triple Stumper
    $2000 5
demote

Matt
    $2000 22
(Neil: What is They Must Be Giants?)

They Might Be Giants

MattNeil
    $2000 26
a U-2

Matt

Scores at the end of the Double Jeopardy! Round:

Matt Neil Bonnie
$15,600 $3,400 $19,400

[wagering suggestions for these scores]

Final Jeopardy! Round responses

BRITISH LITERARY CHARACTERS
NeilWho is Sherlock Holmes
$3,400
MattWho is Sherlock Holmes
$4,801
BonnieWho is Watson?
$12,000
Dr. Watson

Final scores:

Matt Neil Bonnie
$10,799 $0 $31,400
2nd place: $2,000 3rd place: $1,000 New champion: $31,400

Game dynamics:

Coryat scores:

Matt Neil Bonnie
$12,800 $2,800 $17,000
16 R
(including 1 DD),
6 W
14 R
(including 1 DD),
5 W
18 R
(including 1 DD),
2 W

Combined Coryat: $32,600

[game clues] [game scores] [suggest correction]

Game tape date: 2016-03-30
The J! Archive is created by fans, for fans. Scraping, republication, monetization, and malicious use prohibited; this site may use cookies and collect identifying information. See terms. The Jeopardy! game show and all elements thereof, including but not limited to copyright and trademark thereto, are the property of Jeopardy Productions, Inc. and are protected under law. This website is not affiliated with, sponsored by, or operated by Jeopardy Productions, Inc. Join the discussion at JBoard.tv.